Ochrana osobných údajov verzus právo na informácie v kontexte prevažujúceho verejného záujmu
Ochrana osobných údajov fyzických osôb a oprávnený záujem verejnosti na kontrole vecí verejných sa často dostávajú do vzájomnej konfrontácie. Poukázanie na vývojové trendy v judikatúre najvyšších slovenských súdnych autorít v skúmanej oblasti a identifikácia limitov analogického použitia analyzovaný...
Enregistré dans:
| Auteur principal: | |
|---|---|
| Format: | Chapitre de livre |
| Langue: | slovaque |
| Sujets: | |
| Tags: |
Pas de tags, Soyez le premier à ajouter un tag!
|
MARC
| LEADER | 00000naa a2200000 4500 | ||
|---|---|---|---|
| 001 | 0283381 | ||
| 005 | 20240417075203.3 | ||
| 041 | 0 | |a slo | |
| 044 | |a SK | ||
| 245 | 1 | 0 | |a Ochrana osobných údajov verzus právo na informácie v kontexte prevažujúceho verejného záujmu |c Ján Ivančík |
| 520 | |a Ochrana osobných údajov fyzických osôb a oprávnený záujem verejnosti na kontrole vecí verejných sa často dostávajú do vzájomnej konfrontácie. Poukázanie na vývojové trendy v judikatúre najvyšších slovenských súdnych autorít v skúmanej oblasti a identifikácia limitov analogického použitia analyzovaných súdnych rozhodnutí. Ochrana v minulosti zverejnených osobných údajov. | ||
| 610 | 2 | 0 | |a ochrana údajov osobných |
| 610 | 2 | 0 | |a informácie |
| 610 | 2 | 0 | |a osoby právnické |
| 610 | 2 | 0 | |a osoby fyzické |
| 610 | 2 | 0 | |a záujmy verejné |
| 610 | 2 | 0 | |a súdy |
| 100 | 1 | |a Ivančík, Ján | |